Incoterms - Statistiques

Statistiques générales
  • Ce quiz a été pris 50 fois
  • Le résultat moyen est 2 sur 11
Statistiques - réponses
Hint Réponse % Correct
L'acheteur assumer tous les frais et les risques EXW (ex works)
95%
Le vendeur remet la mmarchandise au transporteurchoisi par l'acheteur, à l'endroit convenu FCA (free carrier)
27%
Le vendeur paie le transport jusqu'au lieu convenu,mais les risques sont transférés à l'achteur dès la remise au transporteur CPT (carriage paid to)
18%
Le vendeur assume le transport et les risques jusqu'aulieu convenu, mais l'acheteur gère le déchargement DAP (delivered at place)
18%
Le vendeur prend en charge tous les frais, y comprisles droits de douane, jusqu'à la livraison finale DDP (delivered duty paid)
18%
Le vendeur charge la marchandise sur le navire.L'acheteur prend en charge les coûts et risques dès que la marchandise est à bord FOB (free on board)
18%
Comme CPT, mais avec une assurance minimale priseen charge par le vendeur CIP (carriage and insurrancepaid to)
14%
Le vendeur paie le transport jusqu'au port de destinationmais l'acheteur assume les risques dès que la marchandise est chargée à bord CFR (cost and freight)
9%
Comme CFR, mais avec une assurance minimale prise en comptepar le vendeur CIF (cost insurance and freight)
9%
Le vendeur livre et décharge la marchandise à l'endroit convenu DPU (delivered at place unloaded)
9%
Le vendeur livre la marchandise le long du navire, auport d'embarquement. L'acheteur assume les coûts et risques à partir de ce moment FAS (free alongside ship)
5%
Aucun quiz correspondant
Distribution des résultats
% des personnes avec chaque résultat
Percentile par nombre de réponses
Votre historique - résultats
Vous n’avez pas pris ce quiz